00349nam a2200133Ia 4500008004100000020001500041041001200056100001500068245005600083260004000139300000800179650001500187700001300202221030s9999 xx 000 0 und d a9350244791 aEnglish aM. S. Khan 0aHuman Resource Developmentcby M. S. Khan, S. Singh bHimalaya Pub HouseaNew Delhic2011 a279 aManagement aS. Singh